Nombre de cathédrales par pays - Statistiques

Statistiques générales
  • Ce quiz a été pris 24 fois
  • Le résultat moyen est 10 sur 11
Statistiques - réponses
Indice Réponse % Correct
Amérique Argentine
100%
Amérique Brésil
100%
Amérique Colombie
100%
Europe Espagne
100%
Amérique États-Unis
100%
Europe Italie
100%
Amérique Mexique
100%
Europe France
95%
Amérique Canada
90%
Asie Inde
86%
Asie Philippines
43%
Aucun quiz correspondant
Distribution des résultats
% des personnes avec chaque résultat
Percentile par nombre de réponses
Votre historique - résultats
Vous n’avez pas pris ce quiz